ბათუმის შოთა რუსთაველის სახელმწიფო უნივერსიტეტის ბიბლიოთეკა

ფარნავაზმან ძლიერ ჰყო ქუეყანა თვისი / (ბიბ.ჩანაწერი № 54963)

000 -ლიდერი
ფიქსირებული სიგრძის საკონტროლო ველი 01538nam a2200301Ia 4500
001 - საკონტროლო ნომერი
საკონტროლო ველი 22034
003 - საკონტროლო ნომრის იდენტიფიკატორი
საკონტროლო ველი GE_BSU
005 - ბოლო ოპერაციის თარიღი და დრო
საკონტროლო ველი 20220928122831.0
008 - ფიქსირებული სიგრძის მონაცემთა ელემენტები - ზოგადი ინფორმაცია
ფიქსირებული სიგრძის საკონტროლო ველი 181216s1992||||ge |||||||||||||| || ||
020 ## - წიგნის საერთაშორისო სტანდარტული ნომერი
International Standard Book Number 5529011063
040 ## - კატალოგიზაციის წყარო
Transcribing agency GE_BSU
041 ## - ენის კოდი
Language code of text/sound track or separate title geo
080 ## - უნივერსალური ათობითი კლასიფიკაციის ინდექსი
Universal Decimal Classification number 94(479.22):821.353.1'01.09 ბ-25
100 ## - მთავარი ჩანაწერი - პიროვნების სახელი
Personal name ბარამიძე, რევაზ
9 (RLIN) 14883
245 ## - ცნობა სათაურის შესახებ
Title ფარნავაზმან ძლიერ ჰყო ქუეყანა თვისი /
Statement of responsibility, etc რევაზ ბარამიძე ; რედ. ი. ზაალიშვილი ; მხატვ. რ. მაჭარაშვილი.
264 ## - წარმოების, გამოცემის, დისტრიბუციის და სხვა ცნობები
გამოცემის, წარმოების, დისტრიბუციის... ადგილი თბილისი :
გამოცემის, წარმოების, დისტრიბუციის... სახელწოდება საქართველო,
გამოცემის, წარმოების, დისტრიბუციის... თარიღი 1992.
300 ## - ფიზიკური აღწერა
Extent 52 გვ. ;
Dimensions 20 სმ.
504 ## - BIBLIOGRAPHY, ETC. NOTE
Bibliography, etc ბიბლიოგრაფია ტექსტის შენიშვნებში
546 ## - LANGUAGE NOTE
Language note რეზიუმე რუსულ ენაზე
653 ## - INDEX TERM--UNCONTROLLED
Uncontrolled term საქართველოს ისტორია
653 ## - INDEX TERM--UNCONTROLLED
Uncontrolled term ფარნავაზი (მეფე) საქართველოს მეფეები
653 ## - INDEX TERM--UNCONTROLLED
Uncontrolled term ძველი ქართული ლიტერატურა
653 ## - INDEX TERM--UNCONTROLLED
Uncontrolled term ფარნავაზმან ძლიერ ჰყო ქუეყანა თვისი
700 ## - ADDED ENTRY--PERSONAL NAME
Personal name ზაალიშვილი, ი.
Relator term რედაქტორი
9 (RLIN) 14884
700 ## - ADDED ENTRY--PERSONAL NAME
Personal name მაჭარაშვილი, რ.
Relator term მხატვარი
9 (RLIN) 14885
942 ## - ADDED ENTRY ELEMENTS (KOHA)
Koha item type წიგნი
Source of classification or shelving scheme
ეგზემპლარები
ჩამოწერის სტატუსი დაკარგული ეგზემპლარის სტატუსი კლასიფიკაციის წყარო ან თაროზე გაწყობის სქემა დაზიანების სტატუსი არ გაიცემა მუდმივი მდებარეობა (დაცვის ადგილი) ამჟამინდელი ადგილსამყოფელი თაროზე განთავსების ადგილი შეძენის თარიღი ღირებულება, შესყიდვის ნორმალური ფასი სრული შენახვის შიფრი შტრიხკოდი ბოლო ოპერაციის თარიღი ეგზემპლარის მიმდევრობითი ნომერი (კეტერი?) ფასის ძალაში შესვლის თარიღი ეგზემპლარის სახეობა საჯარო შენიშვნა
          ბათუმის შოთა რუსთაველის სახელმწიფო უნივერსიტეტის მთავარი ბიბლიოთეკა ბათუმის შოთა რუსთაველის სახელმწიფო უნივერსიტეტის მთავარი ბიბლიოთეკა წიგნსაცავი 2018-12-17 3.00 94(479.22):821.353.1'01.09 ბ-25 56756 2018-12-17 56756 2018-12-17 წიგნი 3.00 ₾.